| 000 | 00000nam##2200000za#4500 |
| 001 | 9.572283 |
| 003 | CaOODSP |
| 005 | 20210624183137 |
| 007 | cr ||||||||||| |
| 008 | 150406|2000||||xxc|||||o f|0| 0 eng|d |
| 040 | |aCaOODSP|beng |
| 043 | |an-cn--- |
| 086 | 1 |aNH18-22/100-132E-PDF |
| 110 | 2 |aCanada Mortgage and Housing Corporation. |
| 245 | 10|aMoisture properties of plaster and stucco for straw bale buildings |h[electronic resource] |
| 260 | |aOttawa - Ontario : |bCanada Mortgage and Housing Corporation |c[2000]. |
| 300 | |a4p.|bgraph, tables |
| 490 | 1 |aResearch highlight. Technical series |v00-132 |
| 590 | |a11-29-Supp|b2011-11-25 |
| 690 | 07|aConstruction materials|2gcpds |
| 690 | 07|aBuildings|2gcpds |
| 775 | 08|tPropriétés de résistance à l'humidité du plâtre et du stucco pour les bâtiments aux murs en ballots de paille |w(CaOODSP)9.602661 |
| 776 | 0#|tMoisture properties of plaster and stucco for straw bale buildings |w(CaOODSP)9.615401 |
| 830 | #0|aResearch highlight. Technical series ;|v00-132|w(CaOODSP)9.504482 |
| 856 | 40|ahttp://publications.gc.ca|qPDF|s130 KB|uhttps://publications.gc.ca/collections/Collection/NH18-22-100-132E.pdf|y00-132 |